[Event "TUR-ch U07/12 Girls"]
[Site "Antalya"]
[Date "2023.01.28"]
[Round "9"]
[White "Cakar, Zeynep"]
[Black "Sahin, Zeynep Duru"]
[Result "1/2-1/2"]
[WhiteElo "1192"]
[BlackElo "1385"]
[PlyCount "189"]
[EventDate "2023.01.17"]
[EventType "swiss"]
[EventRounds "9"]
[EventCountry "TUR"]
[SourceTitle "EXT 2024"]
[Source "ChessBase"]
[SourceDate "2023.10.10"]
[SourceVersion "1"]
[SourceVersionDate "2023.10.10"]
[SourceQuality "1"]

1. e4 Nf6 2. e5 Nd5 3. d4 d6 4. Nf3 dxe5 5. Nxe5 e6 6. c4 Nb6 7. a3 a5 8. Nc3 Be7 9. Bf4 0-0 10. Be2 N8d7 11. 0-0 c5 12. dxc5 Bxc5 13. Nb5 Nxe5 14. Bxe5 Qxd1 15. Raxd1 Bd7 16. Nd6 Bc6 17. Rd3 f6 18. Bg3 e5 19. Nb5 Bxb5 20. cxb5 Bd4 21. b3 Rac8 22. Bf3 Rf7 23. Bg4 f5 24. Bf3 Rd7 25. Rfd1 Rf7 26. h3 g5 27. Bh5 Re7 28. Re1 Bc3 29. Rc1 Bd4 30. Rxc8+ Nxc8 31. Bxe5 Bxe5 32. Rd8+ Kg7 33. Rxc8 Bd6 34. g4 fxg4 35. Bxg4 Bxa3 36. Ra8 Bb4 37. Rb8 Bc5 38. Bf3 b6 39. Bd5 Rd7 40. Bf3 Re7 41. Kf1 Rf7 42. Kg2 h6 43. Rb7 Rxb7 44. Bxb7 Kf6 45. Kf3 h5 46. Bc6 g4+ 47. hxg4 hxg4+ 48. Kxg4 Bxf2 49. Kf3 Bc5 50. Ke4 Ke6 51. Kd3 Ke5 52. Kc4 Kd6 53. Kc3 Bb4+ 54. Kd4 Bc5+ 55. Ke4 Bb4 56. Kd4 Ba3 57. Kc4 Ke5 58. Bb7 Kd6 59. Bc6 Bb4 60. Kd4 Bc5+ 61. Kc4 Ke5 62. Bb7 Kf4 63. Kd5 Ke3 64. Ke6 Kd4 65. Bd5 Kc3 66. Kd7 Kb4 67. Kc6 Bd4 68. Be6 Be3 69. Bd5 Bd4 70. Be6 Be3 71. Bd5 Bd4 72. Be6 Bf2 73. Bd5 Bc5 74. Be6 Bg1 75. Bd5 Bd4 76. Be6 Bf2 77. Bf7 Bc5 78. Bd5 Be3 79. Be6 Bg1 80. Bf7 Bf2 81. Be6 Be3 82. Bf7 Bd4 83. Be6 a4 84. bxa4 Kxa4 85. Bd5 Ka5 86. Bc4 Be5 87. Bd3 Bh8 88. Be2 Ba1 89. Bf1 Bc3 90. Be2 Bb2 91. Bf1 Ba1 92. Be2 Bg7 93. Bf1 Be5 94. Be2 Bh2 95. Bd3 1/2-1/2